000
00302nam a22001337a 4500
008
181107b xxu||||| |||| 00| 0 eng d
020
_a
0944838057
041
_a
eng
080
_a
610
100
_a
4
101
_a
SHM
245
_a
Something about X-Rays for everybody
_c
Trevert, E
942
_2
udc
_c
BK
999
_c
52232
_d
52232